000 004390000a22001690004500
003 MACL
005 20160128114453.0
008 160128b xxu||||| |||| 00| 0 eng d
040 _aMACL
_cMACL
041 _aHindi
082 _a340.0954
245 _aभारत का संविधान
260 _bउपकार प्रकाशन
_aआगरा
350 _a45
650 _aLaw
_934723
942 _cHIN
_k340.0954/UPK
_2ddc
999 _c30733
_d30733